Catálogo
 En Linea

Novedades en las aperturas desde 1965 : (Registro nro. 16131)

Detalles MARC
000 -CABECERA
campo de control de longitud fija 00639nam a2200181 a 4500
001 - NÚMERO DE CONTROL
campo de control 000016598
005 - FECHA Y HORA DE LA ÚLTIMA TRANSACCIÓN
campo de control 20200929164931.0
008 - DATOS DE LONGITUD FIJA--INFORMACIÓN GENERAL
campo de control de longitud fija 100308s1969 sp a 000 0 spa d
040 ## - FUENTE DE LA CATALOGACIÓN
Centro catalogador/agencia de origen DO-SdBNP
Lengua de catalogación spa
Centro/agencia transcriptor BNPHU
082 ## - NÚMERO DE LA CLASIFICACIÓN DECIMAL DEWEY
Número de clasificación xxx
Número de documento/Ítem G211n
049 ## - FONDOS LOCALES (OCLC)
Fondos de biblioteca BNPD
100 1# - ENTRADA PRINCIPAL--NOMBRE DE PERSONA
Nombre de persona Ganzo, Julio
9 (RLIN) 36888
245 10 - MENCIÓN DE TÍTULO
Título Novedades en las aperturas desde 1965 :
Resto del título los planteos favoritos de los grandes maestros actuales del ajedrez /
Mención de responsabilidad, etc. Julio Ganzo ; editor Ricardo Aguilera.
260 ## - PUBLICACIÓN, DISTRIBUCIÓN, ETC.
Lugar de publicación, distribución, etc. Madrid :
Nombre del editor, distribuidor, etc. Artes Gráficas,
Fecha de publicación, distribución, etc. 1969.
300 ## - DESCRIPCIÓN FÍSICA
Extensión 192 p. :
Otras características físicas il. ;
Dimensiones 22 cm.
500 ## - NOTA GENERAL
Nota general Incluye índice Técnico y de Partidas
700 1# - PUNTO DE ACCESO ADICIONAL--NOMBRE DE PERSONA
Nombre de persona Aguilera, Ricardo,
Término indicativo de función/relación ed.
9 (RLIN) 36889
Existencias
Estado de retiro Estado de pérdida Restricciones de uso No para préstamo Código de colección Localización permanente Ubicación/localización actual Ubicación en estantería Fecha de adquisición Número de inventario Total de préstamos Signatura topográfica completa Código de barras Fecha visto por última vez Precio válido a partir de Tipo de ítem Koha
      Excluido de préstamo Monografías: Libros y Folletos Patrimonio Dominicano Patrimonio Dominicano En catalogación 08.03.2010 LF1   xxx G211n 16598-10 25.06.2020 25.06.2020 No se presta

Con tecnología Koha